| 000 | 00442nam a2200157Ia 4500 | ||
|---|---|---|---|
| 008 | 220531s9999 xx 000 0 und d | ||
| 041 | _amar | ||
| 100 |
_aगगनगास आणि येवले. _951789 |
||
| 245 | _aसमाजशास्त्रचा परिचय | ||
| 260 |
_aPune _bNirali _c2008 |
||
| 300 | _a6.15 | ||
| 542 | _d08-07-2011 | ||
| 650 |
_aSociology _951790 |
||
| 906 | _d2008-2009 | ||
| 999 |
_c30113 _d30113 |
||